Datum a čas kvízu
34
Celkem bodů
Celkový počet nahraných bodů na tomto kvízu bez doplňovacích otázek.
3.
Pořadí na kvízu
Konečné umístění týmu na tomto kvízu.
Zaznamenané odpovědi
| # | Otázka | Odpověď | Body | Výsledky |
|---|---|---|---|---|
| 1. | Neustálé zdražování služeb Čes... | Zásilkovna | 0 | |
| 2. | Nedostačují Vám čísla a písmen... | smajlíky (emotikony) | 0 | |
| 3. | Krimikomedii Úhoři mají nabito... | Vladimír Michálek | 0 | |
| 4. | Dva obchodní řetězce ze skupin... | Billa, Penny Market | 1 | |
| 5. | Úřadující mistr světa v automo... | Zlatý volant | 1 | |
| 6. | Cestovatel Miroslav Zikmund os... | Tatra 87 | 0 | |
| 7. | Na začátku své výpravy, dne 8.... | Casablanca, Maroko | 1 | |
| 8. | Dne 28. ledna 1948 vztyčili ce... | C | 0 | |
| 9. | V prvním červencovém týdnu se... | Copacabana | 1 | |
| 10. | Kdo by se chtěl o výpravách ob... | ve Zlíně | 0 |